Quick Pick: British or US Spellings? Quiz Stats

Quiz Updated May 6, 2016

Challenge
Share
Tweet
Embed
Score 0/8 Timer 01:00
2 Plays Today
% Correct
Colour
94.6%
Neighbour
88.5%
Theatre
87.7%
Liquorice
84.7%
Paralyse
78.8%
Analogue
78.8%
Woollen
75%
Skilful
60.9%

Today's Daily Dose

Word Ladder
TV Networks

Quick Pick
Medical Terms

On This Day
May 21st II

You're not logged in!

Compare scores with friends on all Sporcle quizzes.
Join for Free
OR
Log In

You Might Also Like...

Show Comments

Extras

Top Quizzes Today


Score Distribution

Your Account Isn't Verified!

In order to create a playlist on Sporcle, you need to verify the email address you used during registration. Go to your Sporcle Settings to finish the process.

Report this User

Report this user for behavior that violates our Community Guidelines.

Details: